000
00317nam a2200121Ia 4500
008
190216s9999||||xx |||||||||||||| ||und||
100
_a
Manoj Das
245
0
_a
Introducing A Wonderful Land And A Wonderful People
260
_b
Sterling Publications
_c
1983
300
_a
490p
650
_a
Indian History
942
_c
BK
999
_c
19636
_d
19636